Normal view
MARC view
- Aidid Tajuddin
Entry Personal Name
001 - CONTROL NUMBER
- control field: 4154
003 - CONTROL NUMBER IDENTIFIER
- control field: OSt
005 - DATE AND TIME OF LATEST TRANSACTION
- control field: 20170512161936.0
008 - FIXED-LENGTH DATA ELEMENTS
- fixed length control field: 170512|| aca||aabn | a|a d
040 ## - CATALOGING SOURCE
- Original cataloging agency: OSt
- Transcribing agency: OSt
100 ## - HEADING--PERSONAL NAME
- Personal name: Aidid Tajuddin
670 ## - SOURCE DATA FOUND
- Source citation: Work cat.: (OSt)0: Abd. Rahman Abd. Hamid, Dato' 4153, V10 :, 2006

PORTAL AKMAL
E-MEL JKDM
AKMAL2U
G-BAM
u-PUSTAKA